00715nam a2200217Ia 4500003000900000008004100009020001800050040001600068080002200084245005100106260003500157300001500192650003400207650003100241650002100272650004900293700002400342942000700366999001500373952010900388IN-BaIIA211028s9999 xx 000 0 eng d a0-444-10806-8 cIIA Library a047.1:535bPRO-13 0aProgress in opticsbvol. 13cedited by E. Wolf aAmsterdambNorth-Hollandc1976 axiv, 306p. a Astronomical optics 98324 a Optical properties97991 a Optics 97974 aAstronomy and Astrophysics Thesaurus 91143 aWolf, E., ed.93849 cBK c4901d4901 00104070aBANbBANcGENd1976-07-29l0o047.1:535/ PRO-13p5484r2021-11-05w1976-07-29yBKGDFL 95.00